| 000 | 00994nam a22002537a 4500 | ||
|---|---|---|---|
| 005 | 20170124102946.0 | ||
| 010 | _aA-594579 | ||
| 020 | _c200.00 | ||
| 035 | _aA-594579 | ||
| 037 | _bCen Lib/Ret | ||
| 040 |
_aDPL _bHN |
||
| 082 |
_a823.08 _bशुक्लाइ |
||
| 100 |
_aशुक्ल, इन्दु _950020 |
||
| 245 |
_aभगवतीचरण वर्मा की उपन्यास चेतना / _cइन्दु शुक्ला |
||
| 246 |
_aBhagvaticharan varma ki upanyas chetna / _bby Indu Shukla |
||
| 260 |
_aदिल्ली _bचिन्ता प्रकाशन _c1992 |
||
| 270 |
_aगणेश नगर _bदिल्ली |
||
| 300 |
_a304पृ. _c21सेमी (सजिल्द) |
||
| 650 |
_aहिन्दी साहित्य _950021 |
||
| 650 |
_aउपन्यास _950022 |
||
| 650 |
_aHindi literature _950023 |
||
| 650 |
_aNovel _922513 |
||
| 942 |
_2ddc _cHN _h823.08 _mशुक्लाइ |
||
| 999 |
_c112973 _d112973 |
||